000 00517cam a22002054a 4500
005 20250605164321.0
008 250528s ||||||||||||||||||||||||d
035 _a22923
020 _a9780071181617
040 _aGR-AtMCL
_bgre
_dGR-AtMCL
_eAACR2
245 1 _aPRINCIPLES OF NEUROCOMPUTING FOR SCIENCE & ENGINEERING
250 _a1
260 _bMcgraw Hill,
_c2000
300 _a642
700 1 _aHam Fredric M
_98549
700 1 _aKostanic Ivica
_98550
942 _cBK
999 _c7966
_d7966